000 00475nam a2200169Ia 4500
005 20250326130636.0
008 250326s9999 xx 000 0 und d
037 _aTextbook
040 _aFMSL
_beng
_cFMSL
041 _aeng
_2eng
084 _aSNIobx:8 Q1
_qFMSL
100 _aTanuria V.k
_9741012
245 0 _aOrganisation behaviour
_cTanuria V.k
260 _aJaipur
_bJaipur, Prism books
_c2011
942 _cTB
_hSNIobx:8 Q1
999 _c1283442
_d1283442